فضاءل اعمال (Record no. 11711)

MARC details
000 -LEADER
fixed length control field 00200nam a22000977a 4500
082 ## - DEWEY DECIMAL CLASSIFICATION NUMBER
Classification number م ح م
100 ## - MAIN ENTRY--AUTHOR NAME
Personal name محمد زکریا
245 ## - TITLE STATEMENT
Title فضاءل اعمال
260 ## - PUBLICATION, DISTRIBUTION, ETC. (IMPRINT)
Place of publication کراچی
942 ## - ADDED ENTRY ELEMENTS (KOHA)
Koha item type Books
Holdings
Withdrawn status Lost status Home library Current library Date acquired Full call number Accession Number Koha item type
    Central Library, QUEST, Nawabshah Central Library, QUEST, Nawabshah 30/12/2014 م ح م 22721 Books